000 00496nam a2200169 i 4500
001 73912
003 ES-MaACL
005 20230906171946.0
007 t|
008 040913s1931 sp ||||1| spa d
100 1 _aGonnard, René.
_958252
245 1 0 _aHistoria de las doctrinas económicas /
_cRené Gonnard ; traducción de J. Campo Moreno.
260 _aMadrid :
_b[s.n.,
_c1931] (
_fYagües)
300 _a606 p. ;
_c23 cm.
700 1 _aCampos Moreno, J.
_934279
852 _aES-MaACL
_jA-66
999 _c73912
_d73912